International dimensions of marketing /

This book is about: Marketing and international marketing; The environment of international marketing; Foreign consumers and foreign markets; International marketing research; Product strategies for World markets; International distributions decisions; ...

Đã lưu trong:
書目詳細資料
主要作者: Russow, Lloyd C.
其他作者: Terpstra, Vern.
格式: 圖書
語言:English
出版: Cincinnati : South-Western College, 2000
版:4th ed.
主題:
標簽: 添加標簽
沒有標簽, 成為第一個標記此記錄!
Thư viện lưu trữ: Mạng thư viện Đại học Đà Nẵng
LEADER 01215cam a2200385 i 4500
001 000048517
003 8237
005 20021115221326.0
008 010322|2000 vm 000 eng
020 |a 0324014910 
040 |a IRC  |c IRC  |d IRC 
041 0 |a eng 
082 1 4 |a 658.848  |b TE-V 
100 1 |a Russow, Lloyd C. 
245 0 0 |a International dimensions of marketing /  |c Vern Terpstra, Lloyd C. Russow 
250 |a 4th ed. 
260 |a Cincinnati :  |b South-Western College,  |c 2000 
300 |a xi, 211 p. :  |b ill.;  |c 23cm 
520 3 |a This book is about: Marketing and international marketing; The environment of international marketing; Foreign consumers and foreign markets; International marketing research; Product strategies for World markets; International distributions decisions; ... 
630 0 4 |a Marketing 
630 0 4 |a Export marketing 
650 0 4 |a Marketing 
650 0 4 |a Export marketing 
700 1 |a Terpstra, Vern. 
OWN |a DUT 
049 0 0 |a admin 
999 |a From the UDN01 
TYP |a Monograph 
TYP |a Printed language 
980 |a Mạng thư viện Đại học Đà Nẵng